Taylor Swift - The Tortured Poets Department ( All Lyrics ) - Statistiques

Statistiques générales
  • Ce quiz a été pris 31 fois
  • Le résultat moyen est 301 sur 418
Statistiques - réponses
Réponse % Correct
a
100%
Department
100%
department
100%
I
100%
Like
100%
like
100%
Poets
100%
poets
100%
the
100%
to
100%
Tortured
100%
tortured
100%
You
100%
you?
100%
you)
100%
you
100%
you?)
100%
your
100%
at
96%
At
96%
from
96%
left
96%
me?
96%
me
96%
me?)
96%
Me
96%
"Who
96%
Who
96%
who
96%
(Who?)
96%
Who,
96%
my
93%
then
93%
We
93%
we
93%
anyway?"
89%
typewriter
89%
love
86%
(love
86%
so
86%
So
86%
Straight
86%
uses
86%
apartment
82%
say
82%
be
79%
never
79%
some
79%
think
79%
we're
79%
where
79%
who's
79%
(Who's
79%
Who's
79%
(who's
79%
But
75%
gonna
75%
Gonna
75%
in
75%
No,
75%
No
75%
said,
75%
said
75%
things
75%
this
75%
"This
75%
This
75%
typewriters
75%
You're
75%
"You're
75%
you're
75%
if
71%
I'm
71%
not
71%
put
71%
and
68%
And
68%
Dylan
68%
is
68%
mode
68%
should
68%
Thomas,
68%
Thomas
68%
golden
64%
(hold
64%
hold
64%
it
64%
on
64%
Smith
64%
artist
61%
bigger
61%
Charlie
61%
idiots"
61%
idiots
61%
I've
61%
Patti
61%
Puth
61%
retriever
61%
tattooed
61%
yourself
61%
declared
57%
(know
57%
know
57%
modern
57%
of
57%
seen
57%
told
57%
else
54%
Hotel,
54%
Jack
54%
kill
54%
leave
54%
Lucy
54%
show
54%
that
54%
with
54%
ain't
50%
decodes
50%
ever
50%
head,
50%
head
50%
heart
50%
nobody
50%
Nobody
50%
tell
50%
asleep
46%
Chelsea
46%
come
46%
fall
46%
finger
46%
middle
46%
one
46%
ring
46%
self-sabotage
46%
you'd
46%
bars
43%
body
43%
closest
43%
exploding
43%
face
43%
felt
43%
fucking
43%
had
43%
it's
43%
meant
43%
off
43%
scratch
43%
seven
43%
two
43%
ate
39%
Because
39%
chocolate
39%
crazy
39%
down
39%
Everyone
39%
rings
39%
road
39%
smoked
39%
still
39%
take
39%
that's
39%
wedding
39%
about
36%
laughed
36%
People
36%
understands
36%
why
36%
wonder
36%
cyclone
32%
dinner,
32%
episode
32%
screw
32%
Sometimes
32%
up
32%
chose
29%
nails
25%
spikes
25%
Throwing
25%
undone
25%
awaken
21%
troll
21%
dread,
18%
pounding
18%
ooh?
4%
Aucun quiz correspondant
Distribution des résultats
% des personnes avec chaque résultat
Percentile par nombre de réponses
Votre historique - résultats
Vous n’avez pas pris ce quiz